Wind Energy-- the Facts : (Record no. 16409)
[ view plain ]
| 000 -LEADER | |
|---|---|
| fixed length control field | 01428cam a2200277 a 4500 |
| 001 - CONTROL NUMBER | |
| control field | 15522142 |
| 005 - DATE AND TIME OF LATEST TRANSACTION | |
| control field | 20090610192945.0 |
| 008 - FIXED-LENGTH DATA ELEMENTS--GENERAL INFORMATION | |
| fixed length control field | 081114s2009 enkab b 001 0 eng |
| 020 ## - INTERNATIONAL STANDARD BOOK NUMBER | |
| International Standard Book Number | 9781844077106 (hardback) |
| 020 ## - INTERNATIONAL STANDARD BOOK NUMBER | |
| International Standard Book Number | 1844077101 (hardback) |
| 035 ## - SYSTEM CONTROL NUMBER | |
| System control number | (OCoLC)ocn273817708 |
| 040 ## - CATALOGING SOURCE | |
| Original cataloging agency | DLC |
| Transcribing agency | DLC |
| Modifying agency | UKM |
| -- | BTCTA |
| -- | YDXCP |
| -- | BWKUK |
| -- | BWK |
| -- | SGB |
| -- | BWX |
| -- | DLC |
| 082 00 - DEWEY DECIMAL CLASSIFICATION NUMBER | |
| Classification number | 333.92 |
| Edition number | 22 |
| Item number | WIN |
| 245 00 - TITLE STATEMENT | |
| Title | Wind Energy-- the Facts : |
| Remainder of title | A Guide to the Technology, Economics and Future of Wind Power / |
| Statement of responsibility, etc | European Wind Energy Association (EWEA). |
| 260 ## - PUBLICATION, DISTRIBUTION, ETC. (IMPRINT) | |
| Place of publication, distribution, etc | London ; |
| -- | Sterling, VA : |
| Name of publisher, distributor, etc | Earthscan, |
| Date of publication, distribution, etc | 2009. |
| 300 ## - PHYSICAL DESCRIPTION | |
| Extent | xx, 568 p. : |
| Other physical details | ill. (some col.), maps ; |
| Dimensions | 26 cm. |
| 504 ## - BIBLIOGRAPHY, ETC. NOTE | |
| Bibliography, etc | Includes bibliographical references (p. [541]-555) and index. |
| 505 0# - FORMATTED CONTENTS NOTE | |
| Formatted contents note | Executive summary -- Technology -- Grid integration -- The economics of wind power -- Industry and markets -- Environmental issues -- Scenarios and targets -- Appendices. |
| 650 #0 - SUBJECT ADDED ENTRY--TOPICAL TERM | |
| Topical term or geographic name as entry element | Wind power industry |
| Geographic subdivision | European Union countries. |
| 9 (RLIN) | 28680 |
| 650 #0 - SUBJECT ADDED ENTRY--TOPICAL TERM | |
| Topical term or geographic name as entry element | Wind power |
| Geographic subdivision | European Union countries. |
| 9 (RLIN) | 28681 |
| 653 ## - INDEX TERM--UNCONTROLLED | |
| Resource For college | |
| Arrived date list | February2012 |
| 710 2# - ADDED ENTRY--CORPORATE NAME | |
| Corporate name or jurisdiction name as entry element | European Wind Energy Association. |
| 9 (RLIN) | 28682 |
| 942 ## - ADDED ENTRY ELEMENTS (KOHA) | |
| Source of classification or shelving scheme | Dewey Decimal Classification |
| Item type | Book - Borrowing |
| Withdrawn status | Item status | Source of classification or shelving scheme | Damaged status | Not for loan | Vendor | Home library | Current library | Shelving location | Date acquired | Source of acquisition | Cost, normal purchase price | Serial Enumeration / chronology | Total Checkouts | Total Renewals | Full call number | Barcode | Date last seen | Date last borrowed | Koha item type |
|---|---|---|---|---|---|---|---|---|---|---|---|---|---|---|---|---|---|---|---|
| Dewey Decimal Classification | MERIC | Central Library | Central Library | First floor | 07/02/2012 | 540.00 | 13167 | 3 | 8 | 333.92 WIN | 000026013 | 15/07/2025 | 22/04/2017 | Book - Borrowing |